000 01206 a2200193 4500
003 Nust
005 20170207171637.0
040 _cNust
082 _a050
100 _aCommand and Staff College (Quetta, Pakistan)
245 _aThe Citadel :
_bprofessional magazine of the Command and Staff College -No. 2/2014
_cCommand and Staff College (Quetta, Pakistan)
260 _aQuetta,Pakistan
_bComdt and Staff Press Quetta
_c2014
300 _a116p.:
490 _aVol.xxxii
505 _aLetters (Page-4) Quranic Perspective of Ethics in Warfare by Lt Col Hassan Mehdi (Page-8) Developing Research Paper by Lt Col Saadatullah (Page-24) Afghanistan Post 2014: Imperatives, Drivers and Scenarios by Brigadier Sheikh Ghulam Jilani (Page-34) Significance of Gwadar Port and Future Prospects by Major Muhammad Saleem (Page-46) Theory of War and Non Kinetic Warfare in the 21st Century Brigadier Ahsan Gulrez (Page-58) Cold Start for Cold End by Lt Col Aamir Naz (Page-64) Existing Energy Resources and Energy Conservation in Pakistan Major Sami ullah Mumtaz (Page-73)
538 _aAlmirah No.137 Shelf No.6
650 _aPakistan. -- Army -- Periodicals
651 _aPakistan -- Military policy -- Periodicals.
942 _cMAGS
999 _c217997
_d217997